Tables of inverse hyperbolic functions /
Guardado en:
| Autor Corporativo: | |
|---|---|
| Formato: | Libro |
| Idioma: | English |
| Publicado: |
Cambridge, Mass. :
Harvard University Press,
1949.
|
| Series: | The annals of the Computation Laboratory of Harvard University ;
v. 20 |
| Etiquetas: |
Agregar Etiqueta
Sin Etiquetas, Sea el primero en etiquetar este registro!
|
| LEADER | 00607nam a22001575a 4500 | ||
|---|---|---|---|
| 001 | MAT.inmabb000494 | ||
| 008 | 031125s1949####mau###########000#0#eng#d | ||
| 005 | 20110309175241.0 | ||
| 245 | 1 | 0 | |a Tables of inverse hyperbolic functions / |c by the staff of the Computation Laboratory. |
| 260 | |a Cambridge, Mass. : |b Harvard University Press, |c 1949. | ||
| 300 | |a xx, 290 p. ; |c 28 cm. | ||
| 440 | 4 | |a The annals of the Computation Laboratory of Harvard University ; |v v. 20 | |
| 510 | 4 | |a MR, |c 10,573a | |
| 110 | 0 | |a Harvard University. |b Computation Laboratory. | |
| 084 | |a 65A05 |2 msc2000 | ||
| 859 | |h 65 |i H339 |p A-269 |v 20 |b BIB. MATEMATICA | ||
